| 000 | 00450 a2200145 4500 | ||
|---|---|---|---|
| 999 |
_c6594 _d6594 |
||
| 020 | _a9780415624701 | ||
| 050 | _aHD62.4INT2014 | ||
| 100 | _aBuckley, J Peter | ||
| 245 |
_aInternational business strategy _btheory and practice / _cedited by Peter J Buckley and Pervez N Ghauri |
||
| 264 |
_aNew York _bRoutledge _c201`4 |
||
| 300 | _a664p. | ||
| 500 | _aInclude index | ||
| 650 | _aInternational business---management | ||
| 942 |
_2lcc _cBK _h62.4 _iINT _kHD |
||